|
|
|
|
| LEADER |
00000nab a2200000 4500 |
| 001 |
vtls008693222 |
| 003 |
SK-MaSNL |
| 005 |
20260303073820.0 |
| 008 |
140301 1949 xo p 000 0 slo |
| 015 |
|
|
|a SNBRRBDKK190120XX
|
| 035 |
|
|
|a CLAS02vtls000012793
|
| 040 |
|
|
|a SNKBUDKK
|b slo
|c SNKBUDKK
|e a
|
| 041 |
0 |
|
|a slo
|
| 044 |
|
|
|a xo
|c SK
|
| 080 |
|
|
|a 027-057.1.
|2 1997
|
| 100 |
1 |
|
|a Šlahor, J.
|4 aut
|9 1075953
|
| 245 |
1 |
0 |
|a Z knihovníckych úloh
|c J. Šlahor
|
| 520 |
2 |
|
|a Úvaha o úlohách knihovníkov v nových podmienkach socializmu
|
| 650 |
0 |
7 |
|a knihovníci
|2 SNKBUDKK
|9 4220
|
| 773 |
0 |
|
|t Knižnica : časopis pre knižnú kultúru
|g Roč. 1 (5), č. 3 (1949) s. 43-44
|
| 850 |
|
|
|a SNK
|
| 852 |
|
|
|a SNK
|b KIS3GCP
|
| 856 |
4 |
1 |
|u http://www.viks.sk/dkk/kniznica1949_43_44.doc
|y plný text
|
| 910 |
|
|
|a bdkk
|a memoriask
|
| 999 |
|
|
|c 1769279
|d 1771209
|